000 02221nam a2200613 i 4500
001 38323
003 KOSZ 005
005 20200604082531.0
008 991204s1999 pl a f |000 0 pol
015 _aUWD 2000/631
035 _a991012214759705066
035 _a(PL-WaBN)b13308518-48omnis_nlop
035 _ab13308518
035 _a(OCoLC)69582856
035 _a(PL)b0000001330851
035 _a(EXLNZ-48OMNIS_NETWORK)9910243666905606
040 _aWA N
_cWA N
_dKOSZ 005/HR
041 0 _apol
_beng
_bger
046 _k1999
080 _a624.15.012.45
080 _a519.6
100 1 _aWrana, Bogumił
_eAutor
245 1 0 _aMetoda krępych elementów spektralnych i jej zastosowanie do analizy dynamicznej fundamentów pod turbozespoły /
_cBogumił Wrana.
260 _aKraków :
_bPK,
_c1999.
300 _a160 s. :
_bil. ;
_c24 cm.
336 _aTekst
_btxt
_2rdacontent
337 _aBez urządzenia pośredniczącego
_bn
_2rdamedia
338 _aWolumin
_bnc
_2rdacarrier
380 _aKsiążki
380 _aPublikacje naukowe
388 _a1901-2000
388 _a1989-2000
490 1 _aMonografia / Politechnika Krakowska im. Tadeusza Kościuszki. Inżynieria Lądowa
500 _aISSN i nr serii gł. : 0860-097X ; 253.
504 _aBibliogr.
546 _aStreszcz. ang., niem.
650 7 _aAnaliza numeryczna
_2DBN
650 7 _aBelka
_2DBN
650 7 _aMechanika
650 7 _aFundamenty pod maszyny
_2DBN
650 7 _aKonstrukcje żelbetowe
_2DBN
650 7 _aPłyty konstrukcyjne
_2DBN
650 7 _aPręty
_2DBN
650 7 _aTurbogeneratory
_2DBN
650 7 _aBudowa i konstrukcje
650 7 _aProjektowanie
658 _aInżynieria i technika
710 2 _aPolitechnika Krakowska im. Tadeusza Kościuszki
_4pbl
830 0 _aMonografia - Politechnika Krakowska im. Tadeusza Kościuszki
_v253
830 0 _aMonografia - Politechnika Krakowska im. Tadeusza Kościuszki.
_pInżynieria Lądowa
856 _uhttp://koha.tu.koszalin.pl/cgi-bin/koha/opac-detail.pl?biblionumber=38323
_yKatalogonline BPK
942 _2UKD
_cKS
999 _c38323
_d38323